[Event "43rd World U20 ch"]
[Site "Kochi IND"]
[Date "2004.11.23"]
[Round "6.8"]
[White "Smerdon, David"]
[Black "Quezada Perez, Yuniesky"]
[Result "1/2-1/2"]
[WhiteElo "2425"]
[BlackElo "2513"]
[EventDate "2004.11.19"]
[PlyCount "86"]

1.e4 c5 2.c3 Nf6 3.e5 Nd5 4.d4 cxd4 5.Nf3 e6 6.cxd4 d6 7.Bc4 Nb6 8.Bd3 
dxe5 9.dxe5 Na6 10.Qe2 Nc5 11.Bc2 Nd5 12.O-O Bd7 13.Nc3 Nxc3 14.bxc3 Be7 
15.Rd1 Qa5 16.Bg5 h6 17.Qe3 Rc8 18.Rd6 b6 19.Rad1 O-O 20.Nd4 Rc7 21.g3 
Rfc8 22.c4 Be8 23.Nb3 Nb7 24.R1d4 Nc5 25.Nd2 Kh8 26.Rg4 Bc6 27.Rdd4 Rd7 
28.Rh4 Nd3 29.Rdg4 Rcd8 30.Bb1 Ne1 31.Rd4 Ng2 32.Qd3 g6 33.Rxd7 Rxd7 34.
Rd4 Ne1 35.Qe3 Rxd4 36.Qxd4 Qb4 37.Be4 Bxe4 38.Qd8+ Kh7 39.Nxe4 Nf3+ 40.
Kg2 Nxe5 41.Nd6 Qb2 42.Nxf7 Qd4 43.Kh3 Qe4 1/2-1/2

[Event "43rd World U20 ch"]
[Site "Kochi IND"]
[Date "2004.11.23"]
[Round "6.9"]
[White "Gareev, Timur"]
[Black "Sengupta, Deep"]
[Result "1-0"]
[WhiteElo "2525"]
[BlackElo "2359"]
[EventDate "2004.11.19"]
[PlyCount "59"]

1.d4 e6 2.c4 b6 3.e4 Bb7 4.Bd3 f5 5.Qe2 Nf6 6.Nc3 Bb4 7.f3 fxe4 8.fxe4 
Bxc3+ 9.bxc3 Nxe4 10.Nf3 Nxc3 11.Qc2 Bxf3 12.O-O Bh5 13.Qxc3 Qe7 14.Ba3 
Qg5 15.Rae1 Nc6 16.d5 Na5 17.Re5 Qg4 18.dxe6 O-O-O 19.exd7+ Kb8 20.Rxa5 
bxa5 21.Rb1+ Ka8 22.Qb2 Rb8 23.Qxb8+ Rxb8 24.Rxb8+ Kxb8 25.d8=Q+ Kb7 26.
Bf1 Bg6 27.Qd5+ c6 28.Qd2 h5 29.Qb2+ Kc8 30.Qxg7 1-0

[Event "43rd World U20 ch"]
[Site "Kochi IND"]
[Date "2004.11.23"]
[Round "6.10"]
[White "Ilyin, Artem"]
[Black "Quan, Zhe"]
[Result "1/2-1/2"]
[WhiteElo "2522"]
[BlackElo "2345"]
[EventDate "2004.11.19"]
[PlyCount "150"]

1.Nf3 Nf6 2.c4 g6 3.g3 Bg7 4.Bg2 O-O 5.O-O d6 6.d4 Nbd7 7.Qc2 c5 8.Nc3 
cxd4 9.Nxd4 Qa5 10.Rd1 Qh5 11.Nd5 Nxd5 12.cxd5 Nb6 13.Qb3 Bh3 14.Bxh3 Qxh3
15.Be3 Qh5 16.Nf3 Rac8 17.Rab1 Qf5 18.Bxb6 axb6 19.Qxb6 Rc2 20.Qe3 Bf6 21.
Ne1 Rc5 22.Qd3 Ra8 23.e4 Qh5 24.a3 Ra4 25.Rd2 Rd4 26.Qe3 Rdc4 27.Kg2 Qg4 
28.f3 Qc8 29.Nd3 Rc7 30.Rbd1 Kg7 31.f4 Bd4 32.Qf3 Rc2 33.Qe2 Bb6 34.Rxc2 
Rxc2 35.Rd2 Rc4 36.Ne1 Rc1 37.Nf3 Qc5 38.e5 Qc8 39.Qe4 h5 40.Re2 h4 41.f5 
Rc4 42.Qd3 dxe5 43.Nxh4 Qc5 44.Nf3 f6 45.fxg6 Rc1 46.b4 Qc3 47.Qxc3 Rxc3 
48.Nh4 Rxa3 49.Nf5+ Kxg6 50.Nxe7+ Kf7 51.Nc8 Bd4 52.Rc2 Ke8 53.Rc7 Kd8 54.
Rc4 Kd7 55.d6 Rc3 56.Rxc3 Bxc3 57.Ne7 Kxd6 58.Ng8 Ke6 59.Nh6 Bxb4 60.g4 
Bd2 61.Nf5 b5 62.Kf3 b4 63.Ke4 Bf4 64.h4 b3 65.Kd3 e4+ 66.Kc3 Ke5 67.Kxb3 
e3 68.Kc4 Ke4 69.Nd4 Be5 70.Ne2 Bd6 71.Nc3+ Kf3 72.Kd3 Bf4 73.Ne2 Kxg4 74.
Nxf4 Kxf4 75.Ke2 Kg4 1/2-1/2

[Event "43rd World U20 ch"]
[Site "Kochi IND"]
[Date "2004.11.23"]
[Round "6.11"]
[White "Bartel, Mateusz"]
[Black "Tikkanen, Hans"]
[Result "1/2-1/2"]
[WhiteElo "2481"]
[BlackElo "2338"]
[EventDate "2004.11.19"]
[PlyCount "106"]

1.e4 g6 2.d4 Bg7 3.Nf3 d6 4.Bc4 a6 5.O-O e6 6.Re1 Ne7 7.Bb3 O-O 8.Nbd2 Nd7
9.Nf1 h6 10.Ng3 c5 11.c3 b5 12.h4 c4 13.Bc2 e5 14.b3 Nb6 15.dxe5 dxe5 16.
Ba3 Ra7 17.Qe2 Bg4 18.Red1 Qc7 19.Bd6 Qc6 20.Qe3 Bxf3 21.Qxf3 h5 22.Qe3 
Nbc8 23.Qc5 Qxc5 24.Bxc5 Rc7 25.b4 Re8 26.a4 Nc6 27.axb5 axb5 28.Rd5 Bf6 
29.Be3 N8a7 30.Bg5 Bxg5 31.hxg5 Rd8 32.Rad1 Rcc8 33.Nf1 Kf8 34.Ne3 Ke8 35.
Ra1 Rc7 36.g4 h4 37.Kg2 Rb7 38.Rh1 Rxd5 39.exd5 Ne7 40.Kf3 Kd7 41.Ke4 Kd6 
42.Rxh4 Nac8 43.Rh7 Nxd5 44.Kf3 Ra7 45.Rh8 Nce7 46.Rd8+ Rd7 47.Rxd7+ Kxd7 
48.Nd1 Kd6 49.Be4 Nf4 50.Ne3 Ne6 51.Ke2 Nxg5 52.Bb7 Nc6 53.Kd2 Ne7 1/2-1/2

[Event "43rd World U20 ch"]
[Site "Kochi IND"]
[Date "2004.11.23"]
[Round "6.13"]
[White "Perdomo, Leandro"]
[Black "Poobesh Anand, Selvaraj"]
[Result "1/2-1/2"]
[WhiteElo "2312"]
[BlackElo "2367"]
[EventDate "2004.11.19"]
[PlyCount "62"]

1.d4 Nf6 2.c4 e6 3.Nc3 Bb4 4.e3 O-O 5.Bd3 d5 6.Nf3 c5 7.O-O cxd4 8.exd4 
dxc4 9.Bxc4 b6 10.Qe2 Bb7 11.Bg5 h6 12.Bh4 Nbd7 13.Rfd1 Rc8 14.d5 Bxc3 15.
dxe6 Bxf3 16.gxf3 g5 17.e7 Qc7 18.exf8=Q+ Nxf8 19.Bg3 Qxc4 20.Qxc4 Rxc4 
21.bxc3 Rxc3 22.Rd8 Kg7 23.Kg2 Ng6 24.Ra8 Ra3 25.Bd6 Nh4+ 26.Kf1 Rxf3 27.
Rxa7 Ng4 28.Bg3 Ng6 29.Rb1 b5 30.Kg2 Rf5 31.h3 Nf6 1/2-1/2

[Event "43rd World U20 ch"]
[Site "Kochi IND"]
[Date "2004.11.23"]
[Round "6.14"]
[White "Barbosa, Oliver"]
[Black "D`Costa, Lorin"]
[Result "1-0"]
[WhiteElo "2311"]
[BlackElo "2358"]
[EventDate "2004.11.19"]
[PlyCount "67"]

1.e4 c5 2.Nc3 a6 3.g3 b5 4.Bg2 Bb7 5.d3 d6 6.f4 g6 7.Nge2 Bg7 8.O-O Nc6 9.
h3 Nf6 10.g4 O-O 11.Ng3 b4 12.Nce2 Nd7 13.f5 Nd4 14.Nf4 a5 15.Rb1 Ba6 16.
Bd2 Nb5 17.g5 Rc8 18.h4 c4 19.h5 Ne5 20.Be3 cxd3 21.cxd3 Nc7 22.Bh3 Rb8 
23.Rc1 d5 24.Rxc7 Qxc7 25.Nxd5 Qd6 26.f6 Rfe8 27.hxg6 hxg6 28.fxg7 Nxd3 
29.Qg4 Kxg7 30.Bd4+ Ne5 31.Nf5+ gxf5 32.Rxf5 Qc5 33.Qd1 Be2 34.Qd2 1-0

[Event "43rd World U20 ch"]
[Site "Kochi IND"]
[Date "2004.11.23"]
[Round "6.15"]
[White "Arghyadip Das"]
[Black "Mabusela, Johannes"]
[Result "1-0"]
[WhiteElo "2353"]
[BlackElo "2316"]
[EventDate "2004.11.19"]
[PlyCount "59"]

1.e4 c5 2.Nf3 d6 3.d4 cxd4 4.Nxd4 Nf6 5.Nc3 g6 6.Be3 Bg7 7.f3 O-O 8.Qd2 
Nc6 9.Bc4 Bd7 10.O-O-O Ne5 11.Bb3 Qa5 12.Kb1 Rfc8 13.h4 Nc4 14.Bxc4 Rxc4 
15.Nb3 Qc7 16.h5 Rc8 17.hxg6 fxg6 18.e5 Rxc3 19.exd6 Rxc2 20.dxc7 Rxd2 21.
Rxd2 Rxc7 22.Bxa7 e5 23.Bb8 Bf5+ 24.Ka1 Re7 25.Rd8+ Kf7 26.Bd6 Re8 27.Rxe8
Nxe8 28.Bb8 h5 29.Re1 Ke6 30.Bxe5 1-0

[Event "43rd World U20 ch"]
[Site "Kochi IND"]
[Date "2004.11.23"]
[Round "6.16"]
[White "Smeets, Jan"]
[Black "Rohit, Gogineni"]
[Result "1/2-1/2"]
[WhiteElo "2515"]
[BlackElo "2281"]
[EventDate "2004.11.19"]
[PlyCount "66"]

1.e4 c5 2.Nf3 d6 3.d4 cxd4 4.Nxd4 Nf6 5.Nc3 Nc6 6.Bg5 e6 7.Qd2 a6 8.O-O-O 
Bd7 9.f3 h6 10.Be3 b5 11.Nxc6 Bxc6 12.g4 Qc7 13.Rg1 Rc8 14.h4 Nd7 15.Bd4 
b4 16.Nb1 Qb7 17.Bd3 Ne5 18.Qe2 Bb5 19.Bxb5+ Qxb5 20.Qxb5+ axb5 21.Nd2 Be7
22.Rh1 Bf6 23.Bxe5 Bxe5 24.Nb3 Rc4 25.Kb1 Ke7 26.Rhg1 g5 27.Rh1 Rhc8 28.
Rd2 Bf4 29.Re2 Ra8 30.hxg5 hxg5 31.Nc1 Bxc1 32.Rxc1 Kf6 33.Rd1 Ke5 1/2-1/2

[Event "43rd World U20 ch"]
[Site "Kochi IND"]
[Date "2004.11.23"]
[Round "6.17"]
[White "Lafuente, Pablo"]
[Black "Mihailidis, Anastasios"]
[Result "1-0"]
[WhiteElo "2473"]
[BlackElo "2278"]
[EventDate "2004.11.19"]
[PlyCount "67"]

1.d4 d5 2.c4 e6 3.Nc3 Nf6 4.cxd5 exd5 5.Bg5 Nbd7 6.e3 c6 7.Qc2 Be7 8.Bd3 
O-O 9.Nf3 Re8 10.h3 Ne4 11.Bxe4 dxe4 12.Bxe7 Qxe7 13.Nd2 c5 14.O-O cxd4 
15.Nd5 Qg5 16.Nc7 Ne5 17.Qxe4 Bf5 18.Qf4 Qxf4 19.exf4 Nd3 20.Nf3 Nxf4 21.
Nxa8 Ne2+ 22.Kh2 Rxa8 23.Rad1 h6 24.Nxd4 Nxd4 25.Rxd4 Rc8 26.Rd2 Kf8 27.
Re1 Be6 28.b3 a5 29.Re5 b6 30.Rb5 Rc6 31.Rd8+ Ke7 32.Rb8 Rc2 33.a4 Rxf2 
34.R8xb6 1-0

[Event "43rd World U20 ch"]
[Site "Kochi IND"]
[Date "2004.11.23"]
[Round "6.18"]
[White "Ruijgrok, Dennis"]
[Black "Tallaksen, Geir Sune"]
[Result "1/2-1/2"]
[WhiteElo "2255"]
[BlackElo "2343"]
[EventDate "2004.11.19"]
[PlyCount "62"]

1.e4 e5 2.Nf3 Nc6 3.Bb5 a6 4.Bxc6 dxc6 5.O-O f6 6.d4 Bg4 7.dxe5 Qxd1 8.
Rxd1 fxe5 9.Nbd2 O-O-O 10.Re1 Bd6 11.h3 Bh5 12.Nh4 Ne7 13.Nf5 Nxf5 14.exf5
Bf7 15.Ne4 h6 16.Bd2 Bd5 17.Bc3 Rhf8 18.Ng3 h5 19.h4 Be7 20.Bxe5 Rf7 21.
Nxh5 Rh8 22.Ng3 Bxh4 23.b3 b5 24.Rac1 Bxg3 25.Bxg3 Rxf5 26.f3 Rd8 27.Re5 
Rxe5 28.Bxe5 c5 29.Kf2 g6 30.Ke3 c4 31.f4 Be6 1/2-1/2

[Event "43rd World U20 ch"]
[Site "Kochi IND"]
[Date "2004.11.23"]
[Round "6.20"]
[White "Braschi, Giancarlo"]
[Black "Buchicchio, Giampaolo"]
[Result "0-1"]
[WhiteElo "2172"]
[BlackElo "2315"]
[EventDate "2004.11.19"]
[PlyCount "100"]

1.d4 d5 2.c4 c6 3.Nf3 Nf6 4.Nc3 a6 5.e3 b5 6.b3 Bg4 7.Be2 e6 8.O-O Nbd7 9.
h3 Bh5 10.Bb2 Bd6 11.Ne5 Bxe2 12.Nxe2 Qc7 13.cxd5 cxd5 14.Rc1 Qb8 15.Nxd7 
Nxd7 16.Rc6 O-O 17.Qc2 Nb6 18.Rc1 Rd8 19.Qd2 Qb7 20.R6c2 Rdc8 21.Kf1 Rxc2 
22.Rxc2 Rc8 23.Nc1 b4 24.Nd3 a5 25.Rxc8+ Nxc8 26.Kg1 Na7 27.Qc1 Qb5 28.Qc2
Nc6 29.Nc1 Qa6 30.Qd3 Qb7 31.Qe2 Kf8 32.Nd3 Qa6 33.Nf4 Qc8 34.Qc2 Bxf4 35.
Qxh7 Ne7 36.Qh8+ Ng8 37.exf4 Qc2 38.Qh4 f6 39.Qg4 f5 40.Qh4 Nf6 41.Qh8+ 
Kf7 42.g4 Qxb2 43.g5 Ng8 44.g6+ Kf8 45.Qh4 Qc1+ 46.Kg2 Qc7 47.Qg5 Qe7 48.
Qh5 Qf6 49.h4 Qxd4 50.Qe2 Qe4+ 0-1

[Event "43rd World U20 ch"]
[Site "Kochi IND"]
[Date "2004.11.23"]
[Round "6.21"]
[White "Olsson, Linus"]
[Black "Aswin, Jayaram"]
[Result "1/2-1/2"]
[WhiteElo "2289"]
[BlackElo "2160"]
[EventDate "2004.11.19"]
[PlyCount "114"]

1.d4 d5 2.c4 e6 3.Nf3 Nf6 4.g3 c6 5.Qc2 Nbd7 6.Bg2 Bd6 7.O-O O-O 8.Nbd2 
Re8 9.Rd1 Qe7 10.e4 dxe4 11.Nxe4 Nxe4 12.Qxe4 e5 13.Bg5 f6 14.Be3 exd4 15.
Qxe7 Bxe7 16.Bxd4 Nb6 17.b3 Be6 18.Bc3 Rad8 19.h3 c5 20.Ne1 Bc8 21.Nc2 
Rxd1+ 22.Rxd1 Rd8 23.Rxd8+ Bxd8 24.Ne3 Kf8 25.f4 Na8 26.Be4 g6 27.f5 g5 
28.Kf2 Nc7 29.Kf3 b6 30.g4 Bd7 31.Bb7 Ke7 32.b4 Kd6 33.b5 Be8 34.a4 Bf7 
35.a5 Kd7 36.a6 Kd6 37.Ke4 Ke7 38.Kd3 Ne8 39.Bc6 Nd6 40.Bd5 Bxd5 41.Nxd5+ 
Kf7 42.Be1 Ke8 43.h4 h6 44.h5 Nc8 45.Bg3 Kd7 46.Bb8 Ke8 47.Nc3 Be7 48.Ke4 
Bd6 49.Bxd6 Nxd6+ 50.Kd5 Kd7 51.Na4 Ne8 52.Nxc5+ bxc5 53.Kxc5 Nc7 54.b6 
Nxa6+ 55.Kb5 axb6 56.Kxa6 Kc6 57.Ka7 Kc7 1/2-1/2

[Event "43rd World U20 ch"]
[Site "Kochi IND"]
[Date "2004.11.23"]
[Round "6.22"]
[White "Mandizha, Farai"]
[Black "Tiwari, Arjun"]
[Result "1-0"]
[WhiteElo "2200"]
[BlackElo "2319"]
[EventDate "2004.11.19"]
[PlyCount "97"]

1.d4 f5 2.g3 Nf6 3.Bg2 g6 4.Nf3 Bg7 5.c4 O-O 6.Nc3 d6 7.O-O c6 8.d5 e5 9.
dxe6 Bxe6 10.Qd3 Na6 11.Bf4 Ne4 12.Nxe4 fxe4 13.Qxe4 Bf5 14.Qe3 Qf6 15.Nh4
Bc2 16.b3 Nb4 17.Qd2 Qc3 18.Qxc3 Bxc3 19.Rac1 Rxf4 20.gxf4 Bb2 21.Rxc2 
Nxc2 22.Rd1 Bf6 23.Nf3 Rd8 24.e3 a5 25.Nd2 Nb4 26.a3 Nc2 27.Ne4 Be7 28.a4 
d5 29.cxd5 cxd5 30.Nc3 d4 31.Nd5 dxe3 32.fxe3 Bh4 33.Kf1 Nb4 34.Ke2 Na6 
35.Rc1 Kf7 36.e4 Rd6 37.e5 Rc6 38.Nc3 Rc7 39.Bd5+ Ke8 40.Bc4 Nc5 41.Nd5 
Rc8 42.Rd1 Kf8 43.Nb6 Rc7 44.Kf3 Be7 45.f5 gxf5 46.Rg1 Ke8 47.Rg8+ Bf8 48.
Kf4 Rg7 49.Rh8 1-0

[Event "43rd World U20 ch"]
[Site "Kochi IND"]
[Date "2004.11.23"]
[Round "6.23"]
[White "Cifka, Stanislav"]
[Black "Soumitra, Mujumdar"]
[Result "1-0"]
[WhiteElo "2310"]
[BlackElo "2148"]
[EventDate "2004.11.19"]
[PlyCount "85"]

1.e4 e5 2.Nf3 Nc6 3.Bb5 a6 4.Ba4 Nf6 5.d3 b5 6.Bb3 Be7 7.Nc3 d6 8.Nd5 O-O 
9.O-O Na5 10.Nxe7+ Qxe7 11.Bg5 Nxb3 12.axb3 h6 13.Bh4 Qe6 14.Re1 c5 15.Qd2
Nh7 16.b4 f6 17.bxc5 dxc5 18.Bg3 Qc6 19.Nh4 g5 20.Nf5 Bxf5 21.exf5 Rfd8 
22.Qe2 Qd7 23.Qe4 Qd4 24.Qb7 Qd7 25.Qf3 a5 26.h4 Kg7 27.Qe4 Qd5 28.Qg4 Qf7
29.f4 h5 30.Qf3 gxf4 31.Bf2 c4 32.d4 exd4 33.Bxd4 Rac8 34.Qxf4 a4 35.Re6 
Re8 36.Bxf6+ Nxf6 37.Qg5+ Kh8 38.Rxf6 Qa7+ 39.Kh1 Re7 40.Qh6+ Kg8 41.Rg6+ 
Rg7 42.Rxg7+ Qxg7 43.Qe6+ 1-0

[Event "43rd World U20 ch"]
[Site "Kochi IND"]
[Date "2004.11.23"]
[Round "6.24"]
[White "Arun, Karthik Ravichandra"]
[Black "Mishra, Soumyaranjan"]
[Result "1/2-1/2"]
[WhiteElo "2152"]
[BlackElo "2299"]
[EventDate "2004.11.19"]
[PlyCount "99"]

1.e4 c5 2.Nc3 e6 3.g3 d5 4.exd5 exd5 5.Bg2 Nf6 6.Nge2 d4 7.Ne4 Nxe4 8.Bxe4
Nd7 9.O-O Nf6 10.Bg2 Bd6 11.d3 O-O 12.Bf4 Bg4 13.Bxd6 Qxd6 14.Qd2 Rae8 15.
Rfe1 Re7 16.h3 Bc8 17.g4 Nd5 18.Ng3 Rxe1+ 19.Rxe1 Nf4 20.Re4 Nxg2 21.Kxg2 
b6 22.f3 g6 23.Re2 Bb7 24.Ne4 Qc6 25.g5 Kg7 26.Qf4 Re8 27.Kf2 Re6 28.Qh4 
Qe8 29.Re1 Qb8 30.Kg2 Bxe4 31.Rxe4 Qd6 32.Qh6+ Kg8 33.Rh4 Qd5 34.Qxh7+ Kf8
35.Qh6+ Ke7 36.Rf4 Re2+ 37.Kf1 Qe6 38.Qh4 Re5 39.Re4 Kd7 40.Qg4 Qxg4 41.
Rxg4 Re8 42.Rf4 Rf8 43.Kf2 Ke6 44.Kg3 Rc8 45.b3 Rc7 46.h4 b5 47.Re4+ Kd5 
48.Kf4 a5 49.Re5+ Kd6 50.Ke4 1/2-1/2

[Event "43rd World U20 ch"]
[Site "Kochi IND"]
[Date "2004.11.23"]
[Round "6.27"]
[White "Gopal, Geetha Narayanan"]
[Black "Nitin, Senthilvel"]
[Result "1-0"]
[WhiteElo "2278"]
[BlackElo "2119"]
[EventDate "2004.11.19"]
[PlyCount "71"]

1.e4 c5 2.Nc3 a6 3.Nf3 d6 4.d4 cxd4 5.Nxd4 Nf6 6.Be2 e5 7.Nb3 Be7 8.Bg5 
Be6 9.Bxf6 Bxf6 10.Qd3 Nc6 11.O-O-O Be7 12.Kb1 Nb4 13.Qe3 Bg5 14.Qf3 Rc8 
15.h4 Be7 16.a3 Nc6 17.Qg3 O-O 18.Bg4 Nd4 19.Bxe6 Nxe6 20.Nd5 Rc4 21.Qd3 
b5 22.g3 Bf6 23.f3 g6 24.h5 Bg7 25.Rh2 Nd4 26.Rdh1 h6 27.Nc1 f5 28.c3 fxe4
29.fxe4 Nf3 30.Rf2 Ng5 31.Rxf8+ Qxf8 32.Rf1 Qd8 33.hxg6 Rxe4 34.Ne3 Qa8 
35.Nb3 Kh8 36.Nd2 1-0

[Event "43rd World U20 ch"]
[Site "Kochi IND"]
[Date "2004.11.23"]
[Round "6.28"]
[White "Ashwath, Raja"]
[Black "Patwardhan, Omkar"]
[Result "1/2-1/2"]
[WhiteElo "2124"]
[BlackElo "2212"]
[EventDate "2004.11.19"]
[PlyCount "56"]

1.d4 Nf6 2.c4 c5 3.d5 e5 4.Nc3 d6 5.e4 g6 6.Nf3 Bg7 7.Be2 O-O 8.Bg5 h6 9.
Bh4 Na6 10.Nd2 Nc7 11.O-O Bd7 12.a3 b6 13.b4 Qc8 14.Qb3 g5 15.Bg3 h5 16.f3
h4 17.Bf2 Nh5 18.Rfe1 Bh6 19.Qd1 Nf4 20.Bf1 Kh7 21.g4 hxg3 22.hxg3 Ng6 23.
g4 Rh8 24.Bg3 Nf4 25.b5 Kg6 26.Be2 Bg7 27.Kf2 a6 28.a4 a5 1/2-1/2

[Event "43rd World U20 ch"]
[Site "Kochi IND"]
[Date "2004.11.23"]
[Round "6.29"]
[White "Cereijo, Nicolas"]
[Black "Louw, Daniel Johannes"]
[Result "1-0"]
[WhiteElo "2120"]
[BlackElo "2187"]
[EventDate "2004.11.19"]
[PlyCount "45"]

1.e4 c5 2.Nf3 e6 3.d3 Nc6 4.g3 g6 5.Bg2 Bg7 6.O-O Nge7 7.c3 d5 8.Nbd2 O-O 
9.Re1 e5 10.exd5 Nxd5 11.Nc4 Re8 12.Ng5 f6 13.Ne4 Bf8 14.Qf3 Be6 15.Be3 b6
16.Nxf6+ Nxf6 17.Qxc6 Rc8 18.Qa4 Qxd3 19.Nxe5 Qf5 20.Qh4 Nd5 21.Bg5 Bg7 
22.Nc4 Bf8 23.Rxe6 1-0

[Event "43rd World U20 ch"]
[Site "Kochi IND"]
[Date "2004.11.23"]
[Round "6.30"]
[White "Swaraj, Palit"]
[Black "Prasanna, Kannappan"]
[Result "1-0"]
[WhiteElo "2172"]
[BlackElo "2096"]
[EventDate "2004.11.19"]
[PlyCount "67"]

1.d4 Nf6 2.c4 e6 3.Nc3 Bb4 4.a3 Bxc3+ 5.bxc3 O-O 6.e3 c5 7.Bd3 Nc6 8.Ne2 
b6 9.O-O Ba6 10.e4 d6 11.f4 Na5 12.e5 Ne8 13.Ng3 Bxc4 14.Bxc4 Nxc4 15.Qg4 
cxd4 16.cxd4 Kh8 17.Ra2 g6 18.Re2 Ng7 19.Ne4 d5 20.Nf6 Nd6 21.Qh3 h5 22.g4
Nde8 23.f5 exf5 24.gxf5 Nxf6 25.Bg5 Kh7 26.Bxf6 Qe8 27.Bxg7 Kxg7 28.Ref2 
Qa4 29.Qe3 Rae8 30.e6 fxe6 31.fxe6 Rxf2 32.Qxf2 Qc6 33.e7 Kh6 34.Qf8+ 1-0

[Event "43rd World U20 ch"]
[Site "Kochi IND"]
[Date "2004.11.23"]
[Round "6.33"]
[White "Sandeep, Yalamanchili"]
[Black "Artels, Lieven"]
[Result "1-0"]
[WhiteElo "2138"]
[BlackElo "2084"]
[EventDate "2004.11.19"]
[PlyCount "69"]

1.d4 d5 2.Nf3 Nf6 3.g3 e6 4.Bg2 c5 5.O-O Nc6 6.c4 Be7 7.cxd5 exd5 8.Nc3 
O-O 9.dxc5 Bxc5 10.Bg5 Be6 11.Bxf6 Qxf6 12.Nxd5 Qxb2 13.Nc7 Rad8 14.Qc1 
Qxc1 15.Raxc1 Bb6 16.Nxe6 fxe6 17.e3 e5 18.Rc4 h6 19.h4 Rd3 20.Re4 Ra3 21.
Nxe5 Rxa2 22.Nxc6 bxc6 23.Re6 Rf6 24.Rxc6 Rxc6 25.Bxc6 Re2 26.Rd1 Ba5 27.
Rd7 Bb6 28.Bd5+ Kh8 29.h5 Re1+ 30.Kg2 Rc1 31.Rb7 Rc8 32.e4 Bd4 33.Kf3 a5 
34.Kg4 a4 35.Rb4 1-0

[Event "43rd World U20 ch"]
[Site "Kochi IND"]
[Date "2004.11.23"]
[Round "6.35"]
[White "Vaidya Chaitanya, N."]
[Black "Phanikanth, J. S. S."]
[Result "1-0"]
[WhiteElo "2184"]
[BlackElo "1985"]
[EventDate "2004.11.19"]
[PlyCount "37"]

1.d4 d5 2.c4 e6 3.Nc3 Nf6 4.Bg5 Be7 5.cxd5 Nxd5 6.Bxe7 Qxe7 7.e4 Nxc3 8.
bxc3 c5 9.Nf3 O-O 10.Bd3 Nc6 11.O-O Rd8 12.d5 exd5 13.exd5 Ne5 14.Re1 
Nxf3+ 15.Qxf3 Qd6 16.Re2 Bd7 17.Rae1 g6 18.Re7 Be6 19.R1xe6 1-0

[Event "43rd World U20 ch"]
[Site "Kochi IND"]
[Date "2004.11.24"]
[Round "7.1"]
[White "Harikrishna, Pentala"]
[Black "Wojtaszek, Radoslaw"]
[Result "1/2-1/2"]
[WhiteElo "2612"]
[BlackElo "2536"]
[EventDate "2004.11.19"]
[PlyCount "87"]

1.d4 Nf6 2.c4 c5 3.d5 e5 4.Nc3 d6 5.e4 Be7 6.Bd3 O-O 7.Nge2 Ne8 8.Ng3 Bg5 
9.h4 Bxc1 10.Qxc1 Na6 11.Nf5 Bxf5 12.exf5 Nf6 13.Ne4 b5 14.b3 bxc4 15.bxc4
Rb8 16.Nxf6+ Qxf6 17.Be4 Qd8 18.Rh3 f6 19.Rb3 Rb4 20.Qc3 Qc7 21.Rab1 Rfb8 
22.a3 Rxb3 23.Rxb3 Rb6 24.Bc2 Kf8 25.Kd2 Rxb3 26.Qxb3 Qb6 27.Qc3 Nc7 28.
Kc1 Qa6 29.Qb3 Qb6 30.Qxb6 axb6 31.Ba4 Ke7 32.Bc6 Kd8 33.Bb7 g6 34.fxg6 
hxg6 35.Bc6 Ke7 36.g4 f5 37.g5 Ne8 38.Bxe8 Kxe8 39.Kc2 Ke7 40.Kb3 Kf7 41.
Kc3 Ke7 42.Kd3 Kf7 43.Ke3 Kg7 44.Kd3 1/2-1/2

[Event "43rd World U20 ch"]
[Site "Kochi IND"]
[Date "2004.11.24"]
[Round "7.3"]
[White "l`Ami, Erwin"]
[Black "Zhao Jun"]
[Result "0-1"]
[WhiteElo "2516"]
[BlackElo "2511"]
[EventDate "2004.11.19"]
[PlyCount "84"]

1.e4 c5 2.Nf3 d6 3.d4 Nf6 4.Nc3 cxd4 5.Nxd4 a6 6.Be3 e5 7.Nb3 Be6 8.f3 
Nbd7 9.g4 b5 10.g5 b4 11.Nd5 Nxd5 12.exd5 Bf5 13.Bd3 Bxd3 14.Qxd3 h6 15.g6
Qh4+ 16.Bf2 Qh5 17.gxf7+ Qxf7 18.O-O-O Be7 19.Rhg1 O-O 20.Be3 Kh8 21.Nd2 
Nf6 22.Ne4 Nxe4 23.fxe4 Qh5 24.Bd2 a5 25.Rg3 Bh4 26.Rg2 Bf2 27.Be3 Bxe3+ 
28.Qxe3 Rf6 29.Qg3 Ra7 30.Qg4 Qxg4 31.Rxg4 Kh7 32.Rdg1 Raf7 33.R1g2 Rf1+ 
34.Kd2 Ra1 35.Rg6 Rd7 36.Re6 Rxa2 37.Rgg6 Rf7 38.Rg2 Rxb2 39.Rxd6 a4 40.
Rc6 a3 41.Rg1 b3 42.d6 a2 0-1

[Event "43rd World U20 ch"]
[Site "Kochi IND"]
[Date "2004.11.24"]
[Round "7.5"]
[White "Paragua, Mark"]
[Black "Smerdon, David"]
[Result "0-1"]
[WhiteElo "2534"]
[BlackElo "2425"]
[EventDate "2004.11.19"]
[PlyCount "66"]

1.e4 d5 2.exd5 Nf6 3.d4 Bg4 4.f3 Bf5 5.Bb5+ Nbd7 6.c4 e6 7.dxe6 Bxe6 8.Nc3
Bb4 9.d5 Bf5 10.Ne2 O-O 11.O-O Ne5 12.Ng3 Bd3 13.f4 Nfg4 14.Nce4 Qh4 15.h3
Bc5+ 16.Nxc5 Qxg3 17.hxg4 Bxf1 18.Qxf1 Nxg4 19.Qf3 Qe1+ 20.Qf1 Qg3 21.Qf3 
Qe1+ 22.Qf1 Qh4 23.Qf3 c6 24.g3 Qh2+ 25.Kf1 Rae8 26.Ne6 cxb5 27.Qxg4 fxe6 
28.d6 bxc4 29.Be3 Qh1+ 30.Bg1 e5 31.d7 Rd8 32.Re1 exf4 33.gxf4 h5 0-1

[Event "43rd World U20 ch"]
[Site "Kochi IND"]
[Date "2004.11.24"]
[Round "7.6"]
[White "Venkatesh, Marani Rajendran"]
[Black "Gareev, Timur"]
[Result "1/2-1/2"]
[WhiteElo "2450"]
[BlackElo "2525"]
[EventDate "2004.11.19"]
[PlyCount "80"]

1.e4 c6 2.d4 Qc7 3.Nc3 d6 4.Nf3 e5 5.a4 Nf6 6.Bg5 Be7 7.dxe5 dxe5 8.Bc4 
O-O 9.Qe2 Nh5 10.g3 Bg4 11.Bxe7 Qxe7 12.h3 Bxf3 13.Qxf3 Nf6 14.g4 Qb4 15.
Bb3 Na6 16.g5 Nd7 17.O-O-O Nac5 18.Ba2 Nb6 19.Rhe1 Nc4 20.Bxc4 Qxc4 21.Qf5
Rae8 22.h4 a5 23.h5 Qe6 24.Re2 g6 25.Qf3 Qe7 26.Qg3 Rd8 27.Rh1 Rfe8 28.f3 
Ne6 29.hxg6 fxg6 30.Rg2 Qc5 31.Rgh2 Qe3+ 32.Kb1 Nxg5 33.Rxh7 Qf4 34.Qxf4 
exf4 35.Rxb7 Nxf3 36.Rhh7 Ne5 37.Rbg7+ Kf8 38.Ra7 Kg8 39.Rag7+ Kf8 40.Ra7 
Kg8 1/2-1/2

[Event "43rd World U20 ch"]
[Site "Kochi IND"]
[Date "2004.11.24"]
[Round "7.7"]
[White "Quezada Perez, Yuniesky"]
[Black "Barbosa, Oliver"]
[Result "1/2-1/2"]
[WhiteElo "2513"]
[BlackElo "2311"]
[EventDate "2004.11.19"]
[PlyCount "116"]

1.e4 d5 2.exd5 Qxd5 3.Nc3 Qa5 4.d4 Nf6 5.Nf3 Nc6 6.h3 Ne4 7.Bd2 Nxd2 8.
Qxd2 e6 9.Bd3 Bb4 10.O-O O-O 11.Rfe1 Bd7 12.a3 Bxc3 13.bxc3 a6 14.Qf4 f6 
15.c4 Rae8 16.c5 Nd8 17.Qh4 g6 18.Re3 Bc6 19.Nh2 f5 20.Qf4 Nf7 21.h4 Re7 
22.Rae1 Kg7 23.Nf1 Rd8 24.Bc4 Be4 25.Rxe4 fxe4 26.Rxe4 Rde8 27.Ne3 Qc3 28.
Qg3 Kh8 29.Qf3 Kg8 30.Qf6 Nd8 31.Ng4 Qd2 32.Rf4 Nf7 33.Bb3 a5 34.a4 b6 35.
c6 Qb4 36.Rf3 Qd2 37.Kh2 Nh6 38.Ne5 Qxd4 39.Rg3 Qd6 40.f4 Rg7 41.h5 Nf5 
42.Rg4 Ne3 43.Rg5 Nd5 44.Bxd5 exd5 45.Nd7 Rf7 46.Qxd6 cxd6 47.Rxd5 Re4 48.
Nxb6 Rb4 49.hxg6 hxg6 50.Rxd6 Kg7 51.c7 Rxc7 52.Nd5 Rxc2 53.Rd7+ Kh6 54.
Rb7 Rcc4 55.Kg3 Rxa4 56.Kf3 Ra3+ 57.Kf2 Rca4 58.Rd7 Rb4 1/2-1/2

[Event "43rd World U20 ch"]
[Site "Kochi IND"]
[Date "2004.11.24"]
[Round "7.8"]
[White "Drozdovskyi, Yury"]
[Black "Jianu, Vlad-Cristian"]
[Result "1/2-1/2"]
[WhiteElo "2510"]
[BlackElo "2444"]
[EventDate "2004.11.19"]
[PlyCount "46"]

1.d4 Nf6 2.c4 g6 3.Nc3 Bg7 4.e4 O-O 5.Bg5 h6 6.Be3 d6 7.f3 c5 8.d5 e6 9.
Qd2 exd5 10.cxd5 Re8 11.Nge2 Nbd7 12.Nc1 Ne5 13.Be2 a6 14.Bxh6 Nxe4 15.
Nxe4 Qh4+ 16.g3 Qxh6 17.Qxh6 Bxh6 18.Nf6+ Kf8 19.Nxe8 Kxe8 20.Kf2 Bg7 21.
Re1 Kf8 22.Nb3 Nd7 23.Rab1 Nb6 1/2-1/2

[Event "43rd World U20 ch"]
[Site "Kochi IND"]
[Date "2004.11.24"]
[Round "7.9"]
[White "Sengupta, Deep"]
[Black "Ilyin, Artem"]
[Result "1-0"]
[WhiteElo "2359"]
[BlackElo "2522"]
[EventDate "2004.11.19"]
[PlyCount "79"]

1.f4 d5 2.b3 Nf6 3.Bb2 g6 4.Nf3 Bg7 5.e3 O-O 6.Be2 c5 7.O-O b6 8.a4 Nc6 9.
Ne5 Bb7 10.Bf3 Qc7 11.Qe2 Ne4 12.d4 e6 13.Na3 Rad8 14.Rfd1 Ne7 15.Bxe4 
dxe4 16.Nb5 Qb8 17.dxc5 bxc5 18.c4 Bc8 19.Rxd8 Rxd8 20.Rd1 Rxd1+ 21.Qxd1 
Qb6 22.Bc3 a5 23.Qd2 Ba6 24.Bxa5 Qb8 25.Qd7 Bxe5 26.Qxe7 Bxf4 27.exf4 Qxf4
28.Qd8+ Kg7 29.Bc3+ e5 30.Qd2 e3 31.Qe2 Bb7 32.Nd6 Bc6 33.Qf1 f6 34.Qxf4 
exf4 35.a5 g5 36.a6 Kg6 37.Nb7 g4 38.Nxc5 f3 39.gxf3 gxf3 40.Bd4 1-0

[Event "43rd World U20 ch"]
[Site "Kochi IND"]
[Date "2004.11.24"]
[Round "7.10"]
[White "Arghyadip Das"]
[Black "Bartel, Mateusz"]
[Result "0-1"]
[WhiteElo "2353"]
[BlackElo "2481"]
[EventDate "2004.11.19"]
[PlyCount "96"]

1.d4 f5 2.Nf3 Nf6 3.g3 g6 4.Bg2 Bg7 5.b4 Ne4 6.Bb2 c6 7.O-O a5 8.a3 axb4 
9.axb4 Rxa1 10.Bxa1 Na6 11.c3 d5 12.Bb2 Nc7 13.Bc1 Nb5 14.Qd3 O-O 15.Bf4 
Be6 16.Be5 Qa8 17.Bxg7 Kxg7 18.Nfd2 Qa2 19.Rc1 Qb2 20.Qc2 Qxc2 21.Rxc2 
Nxd2 22.Nxd2 Ra8 23.Bf1 Ra3 24.Nb1 Ra1 25.Rb2 f4 26.gxf4 Bf5 27.Nd2 Nxc3 
28.e3 Na4 29.Rb3 Bc2 30.b5 Bxb3 31.Nxb3 Rb1 32.Nd2 Rb2 33.bxc6 Rxd2 34.Bb5
Rd1+ 35.Kg2 bxc6 36.Bxa4 Rc1 37.Kf3 Kf6 38.Ke2 e6 39.Kd2 Rc4 40.Bb3 Rb4 
41.Bc2 Rb7 42.h4 Ra7 43.Kc3 Ra1 44.Kd2 Rh1 45.Ba4 Rxh4 46.Bxc6 Rh1 47.Ke2 
h5 48.Kf3 Rg1 0-1